The Sri Lanka business directory 98.
| Format: | Book |
|---|---|
| Published: |
Colombo:
Federation of Chambers of Commerce & Industry of Sri Lanka,
1998.
|
| Subjects: |
| LEADER | 00496cam a2200157 7i4500 | ||
|---|---|---|---|
| 001 | 0000006916 | ||
| 005 | 19991025090000.0 | ||
| 002 | ##000008637 | ||
| 020 | 0 | 0 | |a 9559405020 |
| 090 | 0 | 0 | |a SRLA 338.7025 |b SRI |
| 245 | 0 | 0 | |a The Sri Lanka business directory 98. |
| 260 | 0 | 0 | |a Colombo: |b Federation of Chambers of Commerce & Industry of Sri Lanka, |c 1998. |
| 300 | 0 | 0 | |a 716 p.. |
| 650 | 0 | 0 | |a Business -- |x Directories -- |z Sri Lanka |
| 651 | 0 | 0 | |a Sri Lanka |
| 999 | |a 000009695 |b Book |c Open shelf |e Business Information Centre | ||


